000 00588nam a22001937a 4500
999 _c9007
_d9007
003 AR-CdUCM
008 190327b ||||| |||| 00| 0 spa d
040 _aMUNICIPALIDAD PROVINCIAL DEL CUSCO
_cBIBLIOTECA MUNICIPAL DEL CUSCO
082 _a869.56 /
_bC29
100 _aCastellanos, Enrique
_924937
245 _aBahia del Amor (Sonetos) /
260 _aMéxico :
_bBrigadas Liricas ,
_c1946.
300 _a11 páginas ;
_c26.2 cm.
650 _aPoesia Cubana
_9669
650 _aPoesia Latinoamericana
_92147
650 _aPoesia Romantica
_914796
942 _2ddc
_cLIBROS
945 _artm